Govt. of
Madhya Pradesh

India and Central Asia (Record no. 56526)

MARC details
000 -LEADER
fixed length control field 00401nam a22001457a 4500
003 - CONTROL NUMBER IDENTIFIER
control field MACL
005 - DATE AND TIME OF LATEST TRANSACTION
control field 20170613131134.0
008 - FIXED-LENGTH DATA ELEMENTS--GENERAL INFORMATION
fixed length control field 170613b xxu||||| |||| 00| 0 eng d
040 ## - CATALOGING SOURCE
Transcribing agency MACL
100 ## - MAIN ENTRY--PERSONAL NAME
Personal name Bhatia Rajiv K. and other
9 (RLIN) 67451
245 ## - TITLE STATEMENT
Title India and Central Asia
Remainder of title Exploring New Horizons for Cooperation
260 ## - PUBLICATION, DISTRIBUTION, ETC. (IMPRINT)
Place of publication, distribution, etc. Delhi
Name of publisher, distributor, etc. Shipra
Date of publication, distribution, etc. 2014
650 ## - SUBJECT ADDED ENTRY--TOPICAL TERM
Topical term or geographic name as entry element Economics
9 (RLIN) 67452
942 ## - ADDED ENTRY ELEMENTS (KOHA)
Source of classification or shelving scheme
Koha item type Books
Holdings
Withdrawn status Lost status Source of classification or shelving scheme Damaged status Not for loan Home library Current library Date acquired Cost, normal purchase price Full call number Barcode Date last seen Price effective from Koha item type
          MACL MACL 13/06/2017 1400.00 330/BHA CRE033095 02/05/2024 13/06/2017 Books